Statistieken voor Landen die Eindigen op -ije

Klik hier om de quiz te nemen!

Algemene statistieken

  • Deze quiz is 2.925 keer genomen
  • De gemiddelde score is 4 van 5

Antwoordstatistieken

Land% Correct
Algerije
83%
Bulgarije
74%
Hongarije
73%
Turkije
67%
Slowakije
54%

Scoreverdeling

Percentiel versus Aantal Correcte Antwoorden

Procent van Mensen met Elke Score

Uw Scoregeschiedenis

U heeft deze quiz nog niet genomen